|
|
|
|
| LEADER |
00000cam a2200000 4500 |
| 001 |
vtls012073876 |
| 003 |
SK-MaSNL |
| 005 |
20260301150633.0 |
| 008 |
211019s2021 xo g 000 0dslo |
| 015 |
|
|
|a SNBA2023/04
|
| 020 |
|
|
|q (brožované)
|z 9788089866007
|
| 040 |
|
|
|a SNK
|b slo
|c SNK
|e rda
|
| 041 |
0 |
|
|a slo
|
| 043 |
|
|
|a e-hu---
|
| 044 |
|
|
|a xo
|c SK
|
| 072 |
|
7 |
|a 27-5
|x Liturgia. Kresťanské umenie a symbolika. Duchovný život
|2 konspekt
|
| 080 |
|
|
|a 2-36-055.2
|2 2011
|
| 080 |
|
|
|a 929.731-058.833-055.2
|2 2011
|
| 080 |
|
|
|a 2-46
|2 2011
|
| 080 |
|
|
|a 364.662-051
|2 2011
|
| 080 |
|
|
|a 272-532.3/.4
|2 2011
|
| 080 |
|
|
|a (439.2)
|2 2011
|
| 080 |
|
|
|a (0:82-97)
|2 2011
|
| 100 |
1 |
|
|a Vancáková, Soňa
|4 aut
|4 com
|9 162956
|
| 245 |
1 |
0 |
|a Novéna k sv. Alžbete
|b za chudobných
|c autor, zostavovateľ: Soňa Vancáková
|
| 246 |
3 |
0 |
|a Za chudobných
|
| 264 |
|
1 |
|a [Miesto vydania nie je známe]
|b [vydavateľ nie je známy]
|c 2021
|
| 300 |
|
|
|a 16 nečíslovaných strán
|c 15 cm
|
| 336 |
|
|
|a text
|b txt
|2 rdacontent
|
| 337 |
|
|
|a bez média
|b n
|2 rdamedia
|
| 338 |
|
|
|a zväzok
|b nc
|2 rdacarrier
|
| 500 |
|
|
|a Podľa údajov NA ISBN sú nasledovné vydavateľské údaje v tiráži: Vydanie druhé ; Vydavateľ: WM Agentúra, s.r.o. ; číslo ISBN: 9788089866007 uvedené nesprávne
|
| 500 |
|
|
|a V tiráži uvedená Soňa Vancáková ako autor, na zadnej strane obálky uvedená ako zostaviteľka
|
| 600 |
0 |
7 |
|a Alžbeta Uhorská,
|c svätá,
|d 1207-1231
|2 SNKMA
|9 113771
|
| 648 |
|
7 |
|a 13. storočie
|2 SNKPH
|9 301759
|
| 648 |
|
7 |
|a 13th century
|2 SNKPHeng
|9 315343
|
| 650 |
0 |
7 |
|a svätice
|2 SNKPH
|9 75500
|
| 650 |
0 |
7 |
|a manželky panovníkov
|2 SNKPH
|9 75509
|
| 650 |
0 |
7 |
|a charitatívna činnosť
|2 SNKPH
|9 67695
|
| 650 |
0 |
7 |
|a chudobní
|2 SNKPH
|9 78583
|
| 650 |
0 |
7 |
|a novény
|2 SNKPH
|9 1969
|
| 650 |
0 |
7 |
|a Women saints
|2 SNKPHeng
|9 329622
|
| 650 |
0 |
7 |
|a Rulers' spouses
|2 SNKPHeng
|9 315687
|
| 650 |
0 |
7 |
|a Charities
|2 SNKPHeng
|9 270803
|
| 650 |
0 |
7 |
|a Poor
|2 SNKPHeng
|9 335313
|
| 650 |
0 |
7 |
|a Novenas
|2 SNKPHeng
|9 311592
|
| 651 |
|
7 |
|a Uhorsko
|2 SNKPHgeo
|9 28673
|
| 651 |
|
7 |
|a Hungary
|2 SNKPHeng
|9 265263
|
| 655 |
|
7 |
|a modlitby
|2 SNKPH
|9 70550
|
| 655 |
|
7 |
|a Prayers
|2 SNKPHeng
|9 291214
|
| 954 |
|
|
|a duchovná literatúra pôvodná (slovenská)
|2 lita
|
| 958 |
|
|
|a NT
|
| 958 |
|
|
|a BC
|
| 999 |
|
|
|c 784136
|d 786066
|
| 952 |
|
|
|a SNK
|b SNK
|y PREZ
|7 0
|p 17A1467396
|o snkSE 14010
|i snk2021/16031
|8 0
|0 0
|1 0
|4 0
|d 2021-10-19
|f 1
|l 0
|r 2026-02-24 01:15:07
|w 2026-02-24
|
| 952 |
|
|
|a SNK
|b SNK
|y VYP
|7 0
|p 17A1467397
|o snkSE 14010 D1
|i snk2021/16032
|8 0
|0 0
|1 0
|4 0
|d 2021-10-19
|l 0
|r 2026-02-24 01:15:07
|w 2026-02-24
|